Online
Catalog

Eugenio de Jesús Marcano Fondeur : (Record no. 49771)

MARC details
000 -CABECERA
campo de control de longitud fija 00612nam a22001937a 4500
003 - IDENTIFICADOR DEL NÚMERO DE CONTROL
campo de control DO-SdBNP
005 - FECHA Y HORA DE LA ÚLTIMA TRANSACCIÓN
campo de control 20210421113733.0
007 - CAMPO FIJO DE DESCRIPCIÓN FÍSICA--INFORMACIÓN GENERAL
campo de control de longitud fija ta
008 - DATOS DE LONGITUD FIJA--INFORMACIÓN GENERAL
campo de control de longitud fija 210421e2020 dr ac||gr|||| 00| 0 spa d
040 ## - FUENTE DE LA CATALOGACIÓN
Centro catalogador/agencia de origen DO-SdBNP
Lengua de catalogación spa
Centro/agencia transcriptor BNPHU
041 ## - CÓDIGO DE LENGUA
Código de lengua original spa
082 ## - NÚMERO DE LA CLASIFICACIÓN DECIMAL DEWEY
Número de documento/Ítem E87M
245 10 - MENCIÓN DE TÍTULO
Título Eugenio de Jesús Marcano Fondeur :
Resto del título el naturalista nacional /
Mención de responsabilidad, etc. Carlos Suriel , Celeste Mir , editores
260 ## - PUBLICACIÓN, DISTRIBUCIÓN, ETC.
Lugar de publicación, distribución, etc. Santo Domingo :
Nombre del editor, distribuidor, etc. Museo Nacional de Historia Natural ,
Fecha de publicación, distribución, etc. 2020
490 ## - MENCIÓN DE SERIE
Mención de serie Educación Semblanza ;
Designación de volumen o secuencia 1
700 10 - PUNTO DE ACCESO ADICIONAL--NOMBRE DE PERSONA
Nombre de persona Suriel , Carlos.
Término indicativo de función/relación editor.
9 (RLIN) 57735
700 10 - PUNTO DE ACCESO ADICIONAL--NOMBRE DE PERSONA
Nombre de persona Mir, Celeste ,
Término indicativo de función/relación editora.
9 (RLIN) 78449
942 ## - ELEMENTOS DE PUNTO DE ACCESO ADICIONAL (KOHA)
Fuente del sistema de clasificación o colocación Dewey Decimal Classification
Tipo de ítem Koha Libro
Holdings
Estado de retiro Estado de pérdida Fuente del sistema de clasificación o colocación No para préstamo Código de colección Localización permanente Ubicación/localización actual Ubicación en estantería Fecha de adquisición Fuente de adquisición Total de préstamos Signatura topográfica completa Código de barras Fecha visto por última vez Precio válido a partir de Tipo de ítem Koha Número de copia
    Dewey Decimal Classification Excluido de préstamo Patrimonio Dominicano Biblioteca Nacional Pedro Henríquez Ureña Patrimonio Dominicano Depósito 24.03.2021 Donado por Editora Búho   E87M 2021-1542 21.04.2021 21.04.2021 Libro y Folleto Colección Patrimonio Dominicano  
    Dewey Decimal Classification Excluido de préstamo Patrimonio Dominicano Biblioteca Nacional Pedro Henríquez Ureña Patrimonio Dominicano Depósito 24.04.2021 Donado por Editora Búho   E87M 2021-1543 21.04.2021 21.04.2021 Libro y Folleto Colección Patrimonio Dominicano e.2

Powered by Koha